| 000 | 00540nam a2200169Ia 4500 | ||
|---|---|---|---|
| 005 | 20250923144647.0 | ||
| 008 | 008 250917s9999 xx 000 0 eng d | ||
| 037 | _aTextual | ||
| 040 |
_aDSWL _beng _cDSWL |
||
| 041 |
_aeng _2eng |
||
| 084 |
_aYX,ZI.1.N2b'N58, N58 _qDSWL |
||
| 245 | 0 |
_aTwo years International action for children from 1156-1958 _cby International Union for Child Welfare |
|
| 260 |
_aGeneva _bI.U.C.W. _c1958 |
||
| 300 | _a233p. | ||
| 942 |
_cTEXL _hYX,ZI.1.N2b'N58, N58 |
||
| 999 |
_c1441739 _d1441739 |
||